[Event "Manizales op 24th"]
[Site "Manizales"]
[Date "2014.01.11"]
[Round "6"]
[White "Munoz Galvez, Jhon Edison"]
[Black "Ortegon, Juan Carlos"]
[Result "1-0"]
[WhiteElo "2200"]
[BlackElo "1887"]
[PlyCount "89"]
[EventDate "2014.01.08"]
[EventType "swiss"]
[EventRounds "8"]
[EventCountry "COL"]
[SourceTitle "CBM 158 Extra"]
[Source "ChessBase"]
[SourceDate "2014.02.28"]
[SourceVersion "1"]
[SourceVersionDate "2014.02.28"]
[SourceQuality "1"]

1. d4 Nf6 2. c4 g6 3. Nc3 Bg7 4. e4 d6 5. f3 0-0 6. Be3 a5 7. Qd2 c6 8. Nge2 Qc7 9. Ng3 b6 10. Be2 Rd8 11. 0-0 Ba6 12. Rac1 Nbd7 13. Bh6 Bh8 14. Kh1 Ne8 15. d5 c5 16. f4 Bg7 17. Bxg7 Nxg7 18. Bd3 e5 19. dxe6 fxe6 20. f5 Rf8 21. fxe6 Nxe6 22. Nd5 Qd8 23. Rxf8+ Qxf8 24. Rf1 Qg7 25. Nf5 gxf5 26. exf5 Qg5 27. Qe1 Nd4 28. h4 Qd8 29. f6 Qf8 30. Qe4 Qh6 31. Ne7+ Kf7 32. Qxa8 Qxh4+ 33. Kg1 Nxf6 34. Nd5 Nf5 35. Bxf5 Qd4+ 36. Kh1 Nxd5 37. Be4+ Nf6 38. Qa7+ Kg8 39. Bd5+ Kh8 40. Qf7 Qh4+ 41. Kg1 Qd4+ 42. Rf2 Qd1+ 43. Kh2 Qh5+ 44. Qxh5 Nxh5 45. Rf8+ 1-0

[Event "Manizales op 24th"]
[Site "Manizales"]
[Date "2014.01.10"]
[Round "4"]
[White "Rodriguez, Jorge Ivan"]
[Black "Ortegon, Juan Carlos"]
[Result "0-1"]
[WhiteElo "1822"]
[BlackElo "1887"]
[PlyCount "82"]
[EventDate "2014.01.08"]
[EventType "swiss"]
[EventRounds "8"]
[EventCountry "COL"]
[SourceTitle "CBM 158 Extra"]
[Source "ChessBase"]
[SourceDate "2014.02.28"]
[SourceVersion "1"]
[SourceVersionDate "2014.02.28"]
[SourceQuality "1"]

1. e4 c5 2. Nf3 Nc6 3. d4 cxd4 4. Nxd4 Nf6 5. Nc3 e5 6. Nde2 Bb4 7. a3 Bxc3+ 8. Nxc3 h6 9. Bc4 a6 10. 0-0 d6 11. Qd3 0-0 12. Rd1 Ne8 13. Be3 b5 14. Ba2 Be6 15. Nd5 Bxd5 16. Bxd5 Qc8 17. c4 b4 18. c5 Rb8 19. cxd6 Nd4 20. Bxd4 exd4 21. e5 bxa3 22. bxa3 Qc5 23. Qxd4 Qa5 24. Rd3 g6 25. Rg3 Kh7 26. Qe4 Nxd6 27. Qd3 Nf5 28. Rf3 Rbd8 29. Rd1 Ne7 30. Qe4 Rxd5 31. Re1 Kg7 32. h4 h5 33. Ree3 Re8 34. Kh2 Nf5 35. Rxf5 gxf5 36. Qf4 Rexe5 37. Rg3+ Kf8 38. Qh6+ Ke7 39. Rg8 Rd8 40. Rg7 Re6 41. Qxh5 Qe5+ 0-1

[Event "Manizales op 20th"]
[Site "Manizales"]
[Date "2008.01.13"]
[Round "6"]
[White "Ossa Quintero, Vladimir Andrey"]
[Black "Ortegon, Juan Carlos"]
[Result "0-1"]
[WhiteElo "1688"]
[BlackElo "1882"]
[PlyCount "48"]
[EventDate "2008.01.10"]
[EventType "swiss"]
[EventRounds "7"]
[EventCountry "COL"]
[SourceTitle "EXT 2010"]
[Source "ChessBase"]
[SourceDate "2010.11.25"]
[SourceVersion "1"]
[SourceVersionDate "2010.11.25"]
[SourceQuality "1"]

1. e4 c5 2. Nf3 e6 3. d4 cxd4 4. Nxd4 Nf6 5. Nc3 a6 6. a4 Bb4 7. Bd3 Nc6 8. Nxc6 Bxc3+ 9. bxc3 bxc6 10. Ba3 d6 11. 0-0 e5 12. f4 Qe7 13. Bc4 c5 14. Bd5 Ra7 15. c4 0-0 16. Rb1 Ng4 17. Qf3 exf4 18. Qxf4 Ne5 19. Bb2 a5 20. Qg3 h6 21. Bc3 Kh7 22. Rb5 Bd7 23. Rfb1 Bxb5 24. cxb5 f6 0-1